000 00692nam a2200229Ia 4500
003 OSt
005 20220925210946.0
006 a|||||r|||| 00| 0
007 ta
008 220923b |||||||| |||| 00| 0 eng d
037 _cGeneral Book
040 _aRTL
_cRTL
_beng
041 _2eng
_aeng
082 _aXM,9(J311):8D.211.N9, N2
100 _aREDDY B Ramachandra
_9273557
245 0 _aFinancial management in co- opperatives
260 _aJaipur
_bPrintwell India
_c1992
300 _a176p
_ccm.
500 _aBibliography chapterwise
_ p172-176
942 _hXM,9(J311):8D.211.N9, N2
_cGB
_2CC
999 _c556333
_d556333